000 00311nam a2200121Ia 4500
008 240731s9999 xx 000 0 und d
022 _a2327-0039
245 0 _aJournal of Management Analytics
260 _bTaylor & Francis
856 _uhttps://www.tandfonline.com/loi/tjma20
942 _2ddc
942 _cTFEJ
999 _c77921
_d77921
945 _a1
_bMadushi Gamage
_c1
_dMadushi Gamage